| 000 -LEADER |
| fixed length control field |
00792nam a22001217a 4500 |
| 040 ## - CATALOGING SOURCE |
| Transcribing agency |
RUA |
| 082 ## - DEWEY DECIMAL CLASSIFICATION NUMBER |
| Classification number |
LMA TET 2025 B701 Or.1 |
| 100 ## - MAIN ENTRY--AUTHOR NAME |
| Personal name |
TET SREYPICH, តេត ស្រីពេជ្រ |
| 245 ## - TITLE STATEMENT |
| Title |
Study On The public Disclosure of adjudication documents in the systematic land redistration process in sla commune , samraong district, takeo province, សិក្សាអំពីការបិទផ្សាយជាសាធារណៈនូវឯកសារនៃការក្នុងការចុះបញ្ជីដីធ្លីមានលក្ខណៈជាប្រព័ន្ធ នៅឃុំស្លា ស្រុកសំរោង ខេត្តតាកែវ |
| 260 ## - PUBLICATION, DISTRIBUTION, ETC. (IMPRINT) |
| Place of publication |
PHNOM PENH |
| Name of publisher |
RUA |
| Year of publication |
2025 |
| 300 ## - PHYSICAL DESCRIPTION |
| Number of Pages |
viii,45p. |
| Other physical details |
ill. |
| Dimensions |
29cm. |
| 942 ## - ADDED ENTRY ELEMENTS (KOHA) |
| Koha item type |
LMA |
| 952 ## - LOCATION AND ITEM INFORMATION (KOHA) |
| Withdrawn status [LOCAL, KOHA] |
0 |
| 952 ## - LOCATION AND ITEM INFORMATION (KOHA) |
| Withdrawn status [LOCAL, KOHA] |
0 |